Fundamentals of dimensional metrology /

This book is about: Measurement and metrology; Measurement, Gaging, and tolerances; Statistics and metrology; Language and systems of measurement; Vernier instruments; ...

Guardado en:
Detalles Bibliográficos
Autor principal: Busch, Ted.
Otros Autores: Harlow, Roger., Thompson, Richard.
Formato: Libro
Lenguaje:English
Publicado: Albany, NY : Delmar, 1998.
Edición:3rd ed.
Materias:
Etiquetas: Agregar Etiqueta
Sin Etiquetas, Sea el primero en etiquetar este registro!
Thư viện lưu trữ: Mạng thư viện Đại học Đà Nẵng
LEADER 01116cam a2200373 i 4500
001 000049688
003 9698
005 20051111144255.0
008 010406b1998 vm 000 eng
020 |a 0827371268 
040 |a IRC  |c IRC  |d IRC 
041 0 |a eng 
082 1 4 |a 530.8  |b BU-T 
100 1 |a Busch, Ted. 
245 0 0 |a Fundamentals of dimensional metrology /  |c Ted Busch, Roger Harlow, Richard Thompson. 
250 |a 3rd ed. 
260 |a Albany, NY :  |b Delmar,  |c 1998. 
300 |a xii, 623 p. :  |b ill. ;  |c 23.5cm. 
520 3 |a This book is about: Measurement and metrology; Measurement, Gaging, and tolerances; Statistics and metrology; Language and systems of measurement; Vernier instruments; ... 
630 0 4 |a Mensuration. 
650 0 4 |a Mensuration. 
650 0 4 |a Measuring instruments. 
700 1 |a Harlow, Roger. 
700 1 |a Thompson, Richard. 
OWN |a DUT 
999 |a From the UDN01 
TYP |a Monograph 
TYP |a Printed language 
980 |a Mạng thư viện Đại học Đà Nẵng